| 000 | 00881cam a22002533a 4500 | ||
|---|---|---|---|
| 001 | 23747 | ||
| 003 | PGUSA | ||
| 005 | 20140828083515.0 | ||
| 008 | 071205s2007||||xxu|||||s|||||000 | eng d | ||
| 040 |
_aPGUSA _beng |
||
| 042 | _adc | ||
| 050 | 4 | _aE456 | |
| 100 | 1 |
_aTaylor, Richard, _d1826-1879 |
|
| 245 | 1 | 0 |
_aDestruction and Reconstruction : _b: Personal Experiences of the Late War _h[electronic resource] / _cRichard Taylor |
| 260 |
_bProject Gutenberg, _c2007 |
||
| 506 | _aPublic domain in the USA. | ||
| 516 | _aElectronic text | ||
| 653 | _aUnited States -- History -- Civil War, 1861-1865 -- Personal narratives, Confederate | ||
| 653 | _aReconstruction (U.S. history, 1865-1877) | ||
| 653 | _aUnited States -- History -- Civil War, 1861-1865 -- Campaigns | ||
| 830 | 0 |
_aProject Gutenberg _v23747 |
|
| 856 | 4 | 0 | _uhttp://www.gutenberg.org/ebooks/23747 |
| 942 | _cEB | ||
| 999 |
_c253002 _d253002 |
||